000 00501nam a2200181Ia 4500
005 20250508152959.0
008 008 250505s9999 xx 000 0 hin d
037 _aTextual
040 _aFEDL
_beng
_cFEDL
041 _ahin
_2eng
084 _a491.435, SHA
_qFEDL
100 _aSharma Ganga Ram
_9762911
245 0 _aHindi vyakaran komudi
260 _aDelhi, India
_bUniversity Book Depot
_c1948
300 _a216p.
942 _cTEXL
_h491.435, SHA
999 _c1339977
_d1339977